Európa Napja a Marosvásárhelyi rádióban. {Ziua Europei la Radio Târgu-Mures}. [Europa day's on Radio Târgu-Mures]

Elmentve itt :
Bibliográfiai részletek
Szerző: AGYAGÁSI Levente
Adatforrás:Meister
Forrásdokumentuma:Korunk. -
2002. 6, 73-74.
Nyelv:magyar
Kulcsszavak:jegyzet
nota
note
LEADER 00445nab a2200145 i 4500
001 bibPRO00010656
008 080908s2002 xx hun
040 |a Sz1 
041 |a hun 
100 1 |a AGYAGÁSI Levente 
245 1 0 |a Európa Napja a Marosvásárhelyi rádióban. {Ziua Europei la Radio Târgu-Mures}. [Europa day's on Radio Târgu-Mures]  |c AGYAGÁSI Levente 
695 |a jegyzet 
695 |a nota 
695 |a note 
773 0 |t Korunk. -  |g 2002. 6, 73-74.